[Event "Wroclaw Anderssen Memorial"]
[Site "Wroclaw"]
[Date "2021.07.31"]
[Round "3"]
[White "Smietanski, Marek"]
[Black "Barchuk, Irina"]
[Result "0-1"]
[WhiteElo "1692"]
[BlackElo "2038"]
[PlyCount "84"]
[EventDate "2021.07.31"]
[EventType "swiss (rapid)"]
[EventRounds "9"]
[EventCountry "POL"]
[SourceTitle "CBM 203 Extra"]
[Source "ChessBase"]
[SourceDate "2021.09.30"]
[SourceVersion "1"]
[SourceVersionDate "2021.09.30"]
[SourceQuality "1"]

1. d4 Nf6 2. Bf4 g6 3. Nc3 Bg7 4. e4 0-0 5. h4 d6 6. h5 Nxh5 7. Rxh5 gxh5 8. Qxh5 Nc6 9. Nf3 e5 10. Bh6 Qf6 11. Bxg7 Qxg7 12. dxe5 Nxe5 13. 0-0-0 Bg4 14. Qh4 Be6 15. Ng5 h6 16. Nxe6 fxe6 17. f4 Ng6 18. Qh2 Nxf4 19. Bc4 Rae8 20. g3 Ng6 21. Qh3 Rf6 22. Rh1 Ne5 23. Bb3 Qg4 24. Qh2 a6 25. Ne2 Qxe4 26. Nf4 Nf3 27. Qh5 Ref8 28. Qg4+ Kh7 29. Bxe6 Rxf4 30. gxf4 Qxf4+ 31. Qxf4 Rxf4 32. Bd5 c6 33. Be6 Nd4 34. Bc8 Rf7 35. Rd1 Ne2+ 36. Kd2 Nf4 37. Ke3 d5 38. Bxb7 Ng2+ 39. Kd4 Rxb7 40. b3 h5 41. c4 dxc4 42. Kxc4 Ne3+ 0-1

[Event "UKR-ch (Women) 80th"]
[Site "Kherson"]
[Date "2020.12.10"]
[Round "5"]
[White "Babiy, Olga"]
[Black "Barchuk, Irina"]
[Result "1-0"]
[WhiteElo "2287"]
[BlackElo "2075"]
[PlyCount "91"]
[EventDate "2020.12.06"]
[EventType "swiss"]
[EventRounds "9"]
[EventCountry "UKR"]
[SourceTitle "CBM 199 Extra"]
[Source "ChessBase"]
[SourceDate "2021.01.31"]
[SourceVersion "1"]
[SourceVersionDate "2021.01.31"]
[SourceQuality "1"]

1. e4 c5 2. Nf3 d6 3. d4 cxd4 4. Nxd4 Nf6 5. Nc3 Nc6 6. Bg5 Bd7 7. Qd2 h6 8. Bxf6 gxf6 9. 0-0-0 Nxd4 10. Qxd4 Qa5 11. Kb1 Rc8 12. f4 Qc5 13. Qd3 h5 14. Be2 Bg7 15. f5 h4 16. Qh3 Bc6 17. Qg4 Bh6 18. Qxh4 Kd7 19. Qh5 Bxe4 20. Qxf7 Qxf5 21. Nxe4 Qxe4 22. Bb5+ Kd8 23. Rxd6+ Kc7 24. Rd7+ Kb8 25. Bd3 Qc6 26. Rxe7 Rc7 27. Rxc7 Qxc7 28. Qxf6 Bg7 29. Qe6 a6 30. a4 Rh4 31. g4 Rh6 32. Qe8+ Ka7 33. Qe3+ Ka8 34. Qe8+ Ka7 35. Qe3+ Ka8 36. Bg6 Qd6 37. Bf5 Qc7 38. Qe8+ Ka7 39. Qe3+ Ka8 40. c3 Rb6 41. Rc1 Rh6 42. h3 Qa5 43. Rd1 Rh8 44. Qe7 Bxc3 45. bxc3 Rxh3 46. Qd8+ 1-0

[Event "UKR-ch blitz (Women)"]
[Site "Kherson"]
[Date "2020.12.05"]
[Round "7"]
[White "Barchuk, Irina"]
[Black "Dubovyk, Anastasiia"]
[Result "0-1"]
[WhiteElo "2075"]
[BlackElo "1971"]
[PlyCount "132"]
[EventDate "2020.12.05"]
[EventType "swiss (blitz)"]
[EventRounds "9"]
[EventCountry "UKR"]
[SourceTitle "CBM 199 Extra"]
[Source "ChessBase"]
[SourceDate "2021.01.31"]
[SourceVersion "1"]
[SourceVersionDate "2021.01.31"]
[SourceQuality "1"]

1. e4 c5 2. Nc3 Nc6 3. d3 g6 4. Be3 d6 5. Qd2 Bg7 6. g3 Rb8 7. Bg2 b5 8. Nge2 b4 9. Nd1 Nd4 10. Nc1 Ba6 11. 0-0 Nf6 12. c3 Ne6 13. f4 Ng4 14. f5 Nxe3 15. Nxe3 Nc7 16. Ne2 0-0 17. Kh1 Nb5 18. c4 Nd4 19. Nxd4 Bxd4 20. Nd5 e6 21. Ne3 exf5 22. exf5 Qg5 23. Rae1 Rbe8 24. Be4 d5 25. cxd5 Rxe4 26. dxe4 Bxe3 27. Qxe3 Qxe3 28. Rxe3 Bxf1 29. Re1 Bd3 30. f6 Re8 31. e5 Bc4 32. d6 Be6 33. Kg2 c4 34. Kf3 c3 35. bxc3 bxc3 36. Ke4 Bxa2 37. Rc1 c2 38. Kd4 Bb1 39. Kd5 Kf8 40. d7 Rd8 41. Kd6 a5 42. Kc7 Rxd7+ 43. Kxd7 a4 44. e6 fxe6 45. Kxe6 a3 46. Re1 a2 47. Kd7 a1Q 48. Re8+ Kf7 49. Re7+ Kxf6 50. Re6+ Kf5 51. Re7 Qa4+ 52. Kd8 c1Q 53. Rf7+ Kg5 54. h4+ Kg4 55. Rd7 Qxd7+ 56. Kxd7 Kxg3 57. Ke6 Kxh4 58. Kf6 Qf4+ 59. Kg7 g5 60. Kh6 g4+ 61. Kg7 Qg5+ 62. Kh8 Qf6+ 63. Kg8 Qd6 64. Kh8 g3 65. Kg7 g2 66. Kh8 Qf8# 0-1

[Event "UKR-ch blitz (Women)"]
[Site "Kherson"]
[Date "2020.12.05"]
[Round "4"]
[White "Petrova, Irina"]
[Black "Barchuk, Irina"]
[Result "0-1"]
[WhiteElo "2077"]
[BlackElo "2075"]
[PlyCount "157"]
[EventDate "2020.12.05"]
[EventType "swiss (blitz)"]
[EventRounds "9"]
[EventCountry "UKR"]
[SourceTitle "CBM 199 Extra"]
[Source "ChessBase"]
[SourceDate "2021.01.31"]
[SourceVersion "1"]
[SourceVersionDate "2021.01.31"]
[SourceQuality "1"]

1. e4 c5 2. Nf3 g6 3. c3 Bg7 4. d4 cxd4 5. cxd4 d6 6. Nc3 Nf6 7. Be2 0-0 8. 0-0 Nc6 9. h3 Re8 10. Be3 e5 11. d5 Nd4 12. Rc1 Nxe2+ 13. Qxe2 a6 14. Na4 b5 15. Bb6 Qd7 16. Rc7 bxa4 17. Rxd7 Bxd7 18. Rc1 Bb5 19. Qc2 Bh6 20. Be3 Bxe3 21. fxe3 Bd7 22. Nd2 Rec8 23. Qd1 Rcb8 24. b3 axb3 25. axb3 Bb5 26. Qf3 Ne8 27. Nc4 a5 28. Nd2 a4 29. bxa4 Bxa4 30. Nf1 Bd7 31. Nh2 Rb2 32. Ng4 Kg7 33. Rf1 f5 34. exf5 gxf5 35. Nh2 Raa2 36. Qg3+ Kf7 37. Nf3 Ke7 38. Qg5+ Nf6 39. Nh4 Kf7 40. Nxf5 Bxf5 41. Rxf5 Rxg2+ 42. Qxg2 Rxg2+ 43. Kxg2 Kg6 44. Rf1 Nxd5 45. Kf3 Nf6 46. e4 Kf7 47. Rd1 Ke6 48. Ra1 d5 49. Ra6+ Ke7 50. exd5 Nxd5 51. Ra7+ Kf6 52. Rxh7 Kg5 53. Rh8 Nf6 54. h4+ Kf5 55. Kg3 Ne4+ 56. Kh3 Nf6 57. Ra8 e4 58. Kg3 Nd7 59. Ra5+ Ne5 60. h5 Kf6 61. Kf4 Nf7 62. Kxe4 Ng5+ 63. Kf4 Ne6+ 64. Kg4 Kg7 65. Ra6 Nf8 66. Kg5 Nh7+ 67. Kf5 Nf8 68. h6+ Kh7 69. Kg5 Kg8 70. Ra8 Kf7 71. Ra7+ Kg8 72. Kf6 Nh7+ 73. Kg6 Nf8+ 74. Kh5 Kh8 75. Kg5 Kg8 76. Rg7+ Kh8 77. Kf6 Nh7+ 78. Kf7 Nf6 79. h7 0-1

[Event "UKR-ch blitz (Women)"]
[Site "Kherson"]
[Date "2020.12.05"]
[Round "6"]
[White "Shpanko, Nadiia"]
[Black "Barchuk, Irina"]
[Result "1-0"]
[WhiteElo "2235"]
[BlackElo "2075"]
[PlyCount "113"]
[EventDate "2020.12.05"]
[EventType "swiss (blitz)"]
[EventRounds "9"]
[EventCountry "UKR"]
[SourceTitle "CBM 199 Extra"]
[Source "ChessBase"]
[SourceDate "2021.01.31"]
[SourceVersion "1"]
[SourceVersionDate "2021.01.31"]
[SourceQuality "1"]

1. d4 d6 2. c4 g6 3. Nc3 Bg7 4. e4 Nd7 5. Nf3 e5 6. dxe5 Nxe5 7. Nxe5 Bxe5 8. Be3 Ne7 9. c5 Nc6 10. cxd6 Qxd6 11. Bb5 Bd7 12. Qxd6 Bxd6 13. Nd5 0-0-0 14. 0-0-0 a6 15. Ba4 Ne5 16. Bxd7+ Rxd7 17. f4 Nc6 18. e5 Bb4 19. a3 Bf8 20. Nf6 Rxd1+ 21. Rxd1 Be7 22. Nd5 Rd8 23. Kc2 Bf8 24. Bf2 Ne7 25. Nf6 h6 26. Bh4 Nf5 27. Bf2 Bg7 28. Ne4 Rxd1 29. Kxd1 b6 30. Ke2 Kd7 31. Kd3 Ke6 32. Kc4 Bf8 33. g4 Ne7 34. Nc3 Nc6 35. Kd3 Na5 36. Ke4 Nb7 37. f5+ gxf5+ 38. gxf5+ Kd7 39. Nd5 Nc5+ 40. Bxc5 Bxc5 41. Nf6+ Ke7 42. Ng4 h5 43. Nf6 h4 44. Nd5+ Kd7 45. Nf4 Bf2 46. Ng2 c6 47. b3 Bc5 48. Nxh4 Bxa3 49. Nf3 Bc1 50. Nd4 c5 51. Ne2 Bh6 52. Kd5 a5 53. e6+ fxe6+ 54. fxe6+ Ke7 55. Ng3 Be3 56. Nf5+ Kf6 57. Nxe3 1-0